Ο θρυμματισμένος κόσμος
Αποθηκεύτηκε σε:
| Κύριος συγγραφέας: | |
|---|---|
| Άλλοι συγγραφείς: | , |
| Μορφή: | Βιβλίο |
| Γλώσσα: | Greek |
| Δημοσίευση: |
Αθήνα :
Υψιλον ,
1992.
|
| Θέματα: | |
| Ετικέτες: |
Προσθήκη ετικέτας
Δεν υπάρχουν, Καταχωρήστε ετικέτα πρώτοι!
|
MARC
| LEADER | 00000cam a2200000 i 4500 | ||
|---|---|---|---|
| 001 | 1/92378 | ||
| 008 | 940113s1992####gr | ||| |||| ||gre|| | ||
| 035 | |a 1994 |c ΒΙΒΛΙΟΘΗΚΗ |l 10008450 | ||
| 040 | |a GR-MyUA |b gre |e AACR2 | ||
| 041 | 0 | |a gre | |
| 082 | 0 | |a 100. | |
| 100 | 1 | |a Καστοριάδης, Κορνήλιος, |d 1922-1997. | |
| 245 | 1 | 2 | |a Ο θρυμματισμένος κόσμος / |c Κορνήλιος Καστοριάδης ; μετάφραση απο τα γαλλικά Ζήσης Σαρίκας, Κώστας Σπαντιδάκης. |
| 260 | |a Αθήνα : |b Υψιλον , |c 1992. | ||
| 300 | |a 250 σ. ; |c 21 εκ. | ||
| 650 | 0 | 0 | |a Philosophy. |
| 700 | 1 | |a Σπαντιδάκης, Κώστας, |e trl | |
| 700 | 1 | |a Σαρίκας, Ζήσης, |d 1953- |e trl | |
| 852 | |a INST |b LESVOS |e 19940113 |h 100 ΚΑΣ |p 005100003872 |q 005100003872 |t BK |y 0 | ||
| 852 | |a INST |b SAMOS |e 19941103 |h 100 ΚΑΣ |p 005300004253 |q 005300004253 |t BK |y 0 | ||
| 909 | |a Λ |b 033093 | ||
| 909 | |a Σ |b 034688 | ||